DC Taglines - Statistics

General Stats
  • This quiz has been taken 8 times
  • The average score is 18 of 30
Answer Stats
Tagline Movie % Correct
'Justice is always darkest before the dawn.' Batman
100%
'In brightest day. In blackest night.' Green Lantern
86%
'You'll believe a man can fly again!' Superman Returns
86%
'Home is calling.' Aquaman
71%
'Courage now, truth always, Batman Forever!' Batman Forever
71%
'Strength now, courage always. Family, above all. Batman and Robin!' Batman & Robin
71%
'The world needed a hero. It got Black Adam.' Black Adam
71%
'Put on a happy face.' Joker
71%
'You can't save the world alone.' Justice League
71%
'Just say the word.' Shazam!
71%
'Welcome to a world without rules.' The Dark Knight
71%
'Worlds collide.' The Flash
71%
'Power. Grace. Wisdom. Wonder.' Wonder Woman
71%
'A new era of wonder begins.' Wonder Woman 1984
71%
'Evil fears the knight.' Batman Begins
57%
'The Bat, the Cat, the Penguin.' Batman Returns
57%
'Who will win?' Batman V Superman: Dawn Of Justice
57%
'Jaime Reyes is a superhero whether he likes it or not.' Blue Beetle
57%
'You can't CATch her.' Catwoman
57%
'You will believe that a man can fly.' Man Of Steel
57%
'Worst. Heroes. Ever.' Suicide Squad
57%
'Unmask the truth.' The Batman
57%
'A fire will rise.' The Dark Knight Rises
57%
'The tide is turning.' Aquaman And The Lost Kingdom
43%
'Mind Over Mayhem.' Birds Of Prey (And The Fantabulous Emancipation Of One Harley Quinn)
43%
'Oh. My. Gods.' Shazam! Fury Of The Gods
43%
'They're dying to save the world.' The Suicide Squad
43%
'Justice is coming to all of us. No matter what we do.' Watchmen
43%
'Sit, stay, save the world.' League Of Super-Pets
29%
'Us united.' Zack Snyder's Justice League
29%
No matching quizzes found
Score Distribution
Percent of People with Each Score
Percentile by Number Answered
Your Score History
You have not taken this quiz